00197 2200097 4500245002200000250001100022100001700033650001600050005001900066041001400085 aIKON BETAWIhText aCet. 1 aAdinda Syifa aKarya Siswa a20250424090448 aIndonesia